| 000 | 00612nam a22001337a 4500 | ||
|---|---|---|---|
| 040 | _cRUA | ||
| 082 | _aAGR YA 2015 B537 Or.1 | ||
| 100 | _aYA SELY; យ៉ា សេលី | ||
| 245 | _aEffect of organic mulches on chinese radish at royal university of agriculture; ឥទ្ធិពលនៃគម្របធម្មជាតិទៅលើដំណាំឆៃថាវក្នុងលក្ខខណ្ឌដីសាកលវិទ្យាល័យភូមិន្ទកសិកម្ម | ||
| 260 |
_aPhnom Penh _bRUA _c2015 |
||
| 300 |
_axi; 46p; _bill; _c29cm; |
||
| 856 | _uYA SELY | ||
| 942 | _cAGR | ||
| 999 |
_c10950 _d10950 |
||